000 00770nam a2200241Ia 4500
003 OSt
005 20220926010046.0
006 a|||||r|||| 00| 0
007 ta
008 220923b |||||||| |||| 00| 0 eng d
020 _a9788175349841
_c106.25
037 _bRKBA\09-10\5433, 24/02/2015, RAJKIRAN BOOK AGENCY
_cGeneral Book
040 _aRTL
_cRTL
_beng
041 _2eng
_aeng
082 _aX:976.2, Q1
100 _aKWATRA G K
_9258732
245 0 _aArbitration made easy
_b A practical guide
260 _a New Delhi
_bUniversity Law Publishing
_c2011
300 _avii,103p.
_ccm.
650 _aCommerce
942 _hX:976.2, Q1
_cGB
_2CC
999 _c616312
_d616312